Quizzes
Events
Quiz Creation
Community
Videos
Private Events
Remove Ads
Sign In
Join for FREE
Feedback
Dark Mode
Quiz Categories
Sports
Geography
Music
Movies
Television
Just For Fun
Miscellaneous
History
Literature
Language
Science
Gaming
Entertainment
Religion
Holiday
For Kids
Quiz Lab
Recent
Popular Today
Quiz Kudos Today
Editor Picks
Curator Picks
Quizzes by...
Day
Popularity
Type
Ratings
Length
Year
Community
Subscriptions
Recent Discussions
Orange Saloon
Badges
Playlists
Quests
Create
Leaderboards
Showdown
Live 5
Trivia Bingo
Activity
Puzzle Library
Sporcle Events
Private Events
Virtual Trivia
Globe League
Become a Host
Pub Owners
SporcleCon
Opinionation
Our Games
Videos
Blog
Mobile Apps
Partnerships
Remove Ads and Go Orange
Feedback
Sports
Athletes
MLB
NBA
NHL
NFL
Soccer
Sports Teams
WWE
NCAA
Football
Premier League
Basketball
Baseball
Hockey
Golf
Tennis
Cricket
Rugby
Auto Racing
Olympics
World Cup
Sports
Athletes
MLB
NBA
NHL
NFL
Soccer
Sports Teams
WWE
NCAA
Football
Premier League
Basketball
Baseball
Hockey
Golf
Tennis
Cricket
Rugby
Auto Racing
Olympics
World Cup
Random Quiz
Search Sporcle
×
Quiz Lab
Quiz Lab
Sports
Type in answers that appear in a list
Type in answers that appear in a list
Classic
Best Score? Go Orange.
Obecni strzelcy Ekstraklasy Stats
Wymień najskuteczniejszych zawodników grających obecnie w Ekstraklasie.
By
weszlocom
12m
40 Questions
9,243 Plays
9,243 Plays
9,243 Plays
Comments
Comments
Give Quiz Kudos
Give Quiz Kudos
-
- Ratings
hide this ad
Replay
Link that replays current quiz
Next Quiz
Link to next quiz in quiz playlist
You Got
0%
They Got
Avg Score
50%
Avg Friend Score
Upgrade to see
Score Distribution
Jump to the score distribution portion of the page
Score
0/40
Timer
12:00
0
Plays Today
Liczba goli
Imię i Nazwisko
% Correct
149
Paweł Brożek
97.5%
75
Flavio Paixao
89.6%
57
Igor Angulo
85.7%
59
Rafał Boguski
73.9%
22
Dominik Furman
67.9%
46
Christian Gytkjaer
66.8%
55
Filip Starzyński
58.7%
31
Jose Kante
57.5%
35
Jesus Imaz
56.1%
18
Piotr Parzyszek
53.7%
57
Grzegorz Kuświk
53.2%
25
Arvydas Novikovas
52.9%
48
Adam Frączczak
52.2%
25
Maciej Makuszewski
51.6%
19
Jorge Felix
49.8%
38
Robert Pich
49.8%
44
Jacek Kiełb
49.6%
16
Rafał Wolski
49.5%
27
Tomasz Jodłowiec
49.3%
58
Maciej Jankowski
48.5%
Liczba goli
Imię i Nazwisko
% Correct
23
Gerard Badia
44%
23
Łukasz Piątek
43.6%
36
Maciej Gajos
41.9%
18
Rafał Siemaszko
40.2%
40
Michal Papadopulos
40.1%
38
Patryk Tuszyński
38.8%
18
Marcin Wasilewski
38.8%
22
Damjan Bohar
38.6%
23
Łukasz Zwoliński
38.1%
26
Kamil Drygas
37.8%
20
Taras Romanczuk
37%
33
Piotr Celeban
36.9%
15
Jesus Jimenez
36.6%
17
Patryk Lipski
36.2%
21
Giorgi Merebaszwili
31.9%
22
Sasza Żivec
31.1%
16
Michał Chrapek
30.7%
17
Cillian Sheridan
25.6%
16
Mateusz Szwoch
24.4%
15
Damian Zbozień
15.5%
Quiz Playlist
Details
Report
Send in Message
Add To Playlist
Classic:
Type in answers that appear in a list
Last Updated: May 31, 2020
Quiz Scoreboard
CHALLENGE
Sign Up to Join the Scoreboard
Show All
Scores
Hide
Comments
May contain spoilers
Recently Published
Popular People in 1961
by mucciniale
History
6m
1-10 Letter E Words III
by El_Dandy
Language
2m
One Thing in Common: World Cities II
by knightlancer
Geography
7m
More to Explore
Quiz From the Vault
Featured Blog Post
Where Did the Easter Bunny Come From?
hide this ad
You Might Also Like...
Tags
This quiz does not have any tags.
Today's Top Quizzes in Sports
Browse Sports
hide this ad
Top Contributed Quizzes in Sports
1
Les meilleurs buteurs des matchs entre le PSG et l’OM
2
Les entraîneurs de l'OM et du PSG au 21e siècle
3
2022 World Cup Stars
4
FIFA Club World Cup Champions
5
Name the Premier League winners with different clubs
6
La finale Lions - Afrique du Sud 2021
7
Criteria MLB: Left Handed Sluggers
8
Players with Multiple 50 Home Run Seasons
9
MLB Players with Two .350 Batting Average Seasons
10
MLB Hall of Famer by Rings
Explore More
Trending Topics
Disney
Marvel
Kpop
NBA
Harry Potter
Anime
Crossword
The Office
Country
NFL
Puzzle
WWE
Pokémon
Song
Soccer
hide this ad
More By:
weszlocom
Quiz
Plays
Rating
Category
Featured
Created
Polacy, którzy strzelali w Lidze Mistrzów
54,504
3.67
Sports
Nov 26, 2019
Kadrowicze Sousy
48,833
1.80
Sports
Oct 7, 2021
Laureaci Złotej Piłki
48,617
3.00
Sports
Dec 5, 2018
Wygrał Ligę Mistrzów czy nie?
48,130
5.00
Sports
Sep 3, 2020
Polacy w La Liga
41,215
Sports
Apr 30, 2020
Go to Creator's Profile
Score Distribution
Quiz Creator Spotlight
weszlocom
Follow
Send a Message
Quizzes Created
-
Created Quiz Play Count
-
More By This Creator
Popular Quizzes Today
1
Find the US States - No Outlines Minefield
2
The Countries of the World
3
Find the Countries of Europe - No Outlines Minefield
4
Popular People in 1961
5
1-10 Letter E Words III
6
Find the US States
7
One Thing in Common: World Cities II
8
US States
More Sports Quizzes
2016 NFL Opening Day Quarterbacks
Published
Trending Quizzes
Risky Map Clicking: Least Populous States A-Z
1-10 Letter F Words
1-10 Letter G Words
One Thing in Common: United Kingdom
Risky Map Clicking: Next State Alphabetically
Recently Updated
Leaping Animals
pecheneg
Reality TV Shows (A-Z)
bhenderson79
Rickey Henderson's Hall of Fame Teammates
pecheneg
Champions League XIs: Arsenal
pecheneg
Quick Pick: Celebrities in WWE's Hall of Fame
aduchscher
A-Z Keypad Blitz II
pecheneg
Multiple Oscar Actors
pecheneg
Mystery Phrase Blitz: Oscar 'Best Actors'
pecheneg
F. Scott Fitzgerald Novels
LTH
Pick 3 Villains
ddd62291
Trending Topics
Crossword
NBA
Harry Potter
Marvel
Disney
Kpop
Anime
Pokémon
WWE
Puzzle
Song
NFL
The Office
Country
Soccer
Your Account Isn't Verified!
In order to create a playlist on Sporcle, you need to verify the email address you used during registration. Go to your
Sporcle Settings
to finish the process.
Report this User
Report this user for behavior that violates our
Community Guidelines
.
Details:
Send Report
Go to the Sporcle.com Mobile Site →
Comments